000 00508nam a22001931c 4500
001 a987677546
008 161019s2005 gw |||| 000u rus d
020 _a5910560050
_95-91056-005-0
041 _arus
100 1 _aKurilov, V. N.
245 0 0 _aRasselenie russkich starožilov Zapadnoj Sibiri v seredine XIX v.
264 _aNovosibirsk :
_bPrePress Studio,
_c2005
300 _a222 S.
651 0 _aSibirien
651 0 _aWestsibirien
942 _cMG
040 _cRU-10907106
003 RU-10907106
999 _c38604
_d38604